Nauji duomenys apie Kauno vienuolynų pastatus
| Titel: | Nauji duomenys apie Kauno vienuolynų pastatus |
|---|---|
| Verfasser: | |
| In: |
Kultūros paminklai, Band 8 (2001), Seite 184-190, Abb. alle Artikel anzeigen |
| Veröffentlicht: | 2001 |
| Format: | Aufsatz |
| Sprache: | Litauisch |
X
alg: 39198459 001A $01999:11-11-16 001B $01999:16-05-21 $t20:18:05.000 001C $06050:19-11-16 $t09:40:37.000 001D $01999:11-11-16 001U $0utf8 001X $00 002@ $0Aox 003@ $0391984594 007A $0391984594 $aHEB 007T $0Herdc0071696v 010@ $alit 011@ $a2001 021A $aNauji duomenys apie Kauno vienuolynų pastatus 028A $aLukšionytė-Tolvaišienė $dNijolė 031A $d8 $h184-190, Abb. $j2001 037A $aengl. Res., S. 190: New Data Concerning Monasteries in Kaunas 039B $aIn $8--Abvc--. Kultūros paminklai. - Vilnius : Savastis, 1994-. - ISSN 1392-155X $x200100000080000816 $9048665282 045F $a709.4793 $eDDC23BSB 045F/01 $a709 045F/03 $g4793 045T $a7,44 lok: 39198459 78 exp: 39198459 78 1 #EPN 201B/01 $026-03-18 $t23:26:00.000 201U/01 $0utf8 203@/01 $0788080482 208@/01 $a11-11-16 $be 209A/01 $a/ $f000 $x00 220C/01 $aTitelaufnehmer: it 220C/01 $aHerkunft: LII Vilnius / Irena Tumelytė 244Z/01 $2Trx $#Litauen $#Lithuania $#Litwa $#Litva $#Litva $8--Trx--Lietuva $x01 $9391193457 244Z/01 $#Kaunas $#Kowno $#Kauen Litauen $#Kovno $#Kauen $#Kaunus $#Kowna $#קובנא $74217158-1 $8--Tg1--Kaunas $x02 $9086119346 244Z/01 $aGeschichte 1800-1899 $x03 244Z/01 $2Trx $#kloostrid $#vienuolynai $#monasteries $#kolostorok $#klasztory $#kláštory $#kláštery $8--Trx--Klöster $x04 $9391383108 244Z/01 $2Trx $8--Trx--Zeitschriftenaufsatz $x05 $9391384341 245Z/01 $a11.11 $x01 247C/01 $82080>Marburg/Lahn, Herder-Institut, Forschungsbibliothek, Bibliographieportal $9336309341
| LEADER | 00000caa a22000002c 4500 | ||
|---|---|---|---|
| 001 | 391984594 | ||
| 003 | DE-603 | ||
| 005 | 20210516201805.0 | ||
| 007 | tu | ||
| 008 | 161111s2001 xx |||| | u00||u|lit c | ||
| 035 | |a (DE-599)HEB391984594 | ||
| 040 | |a DE-603 |b ger |c DE-603 |d DE-603 | ||
| 041 | |a lit | ||
| 082 | 0 | 4 | |8 1\u |a 709.4793 |q DE-101 |2 23/BSB |
| 084 | |a 7,44 |2 ssgn | ||
| 085 | |8 1\u |b 709 | ||
| 085 | |8 1\u |z 2 |s 4793 | ||
| 100 | 1 | |a Lukšionytė-Tolvaišienė, Nijolė | |
| 245 | 0 | 0 | |a Nauji duomenys apie Kauno vienuolynų pastatus |
| 264 | 0 | |c 2001 | |
| 500 | |a engl. Res., S. 190: New Data Concerning Monasteries in Kaunas | ||
| 773 | 0 | 8 | |i In |t Kultūros paminklai |d Vilnius : Savastis, 1994- |x 1392-155X |g Band 8 (2001), Seite 184-190, Abb. |w (DE-603)048665282 |w (DE-600)1292510-X |
| 924 | 0 | |9 2080 |a (DE-603)788080482 |b DE-2080 |c HES |d d |g / | |


